Young european designers

Uloženo v:
Podrobná bibliografie
Médium: Kniha
Jazyk:španělština
němčina
angličtina
italština
francouzština
Vydáno: Colonia Daab 2005
Témata:
Tagy: Přidat tag
Žádné tagy, Buďte první, kdo vytvoří štítek k tomuto záznamu!

MARC

LEADER 00000nam a2200000 a 4500
001 UCG4716
003 CL-VaPUC
008 101125e20050000GW |||||||||||||||||spa|d
020 |a 3937718427 
041 0 7 |a spa  |2 CL-VaPUC 
041 0 7 |a ger  |2 CL-VaPUC 
041 0 7 |a eng  |2 CL-VaPUC 
041 0 7 |a ita  |2 CL-VaPUC 
041 0 7 |a fre  |2 CL-VaPUC 
082 0 4 |a 745.24  |b YOU  |2 21 
245 1 0 |a Young european designers 
300 |a 399 p 
942 |c BK 
945 |d 20101125 00:00:00  |a dcastane 
260 |a Colonia  |b Daab  |c 2005 
650 0 |a Diseño industrial  |9 262726 
650 0 |a Diseñadores industriales  |9 435929 
651 0 |a Europa  |9 255156 
583 |a last modification  |c 20101125 00:00:00  |k Rodrigo Vera 
999 |c 343372  |d 343370 
952 |0 0  |1 0  |4 0  |6 745_240000000000000_YOU_2005  |7 0  |8 A  |9 440641  |a BIBARQ  |b BIBARQ  |d 2019-11-22  |i 4734262  |o 745.24 YOU 2005  |p 4734262  |r 2025-01-20  |w 2019-11-22  |y BK  |k ARQ